[Event "POL-chT 2nd League"]
[Site "Jastrzebia Gora"]
[Date "2023.09.10"]
[Round "9.118"]
[White "Mirowska, Oliwia"]
[Black "Sasin, Michal"]
[Result "1-0"]
[WhiteElo "1976"]
[BlackElo "1804"]
[PlyCount "139"]
[EventDate "2023.09.02"]
[EventType "team-swiss"]
[EventRounds "9"]
[EventCountry "POL"]
[SourceTitle "EXT 2024"]
[Source "ChessBase"]
[SourceDate "2023.10.10"]
[SourceVersion "1"]
[SourceVersionDate "2023.10.10"]
[SourceQuality "1"]
[WhiteTeam "Pilzno GKSz Hetman"]
[BlackTeam "Kalisz KTS"]
[WhiteTeamCountry "POL"]
[BlackTeamCountry "POL"]

1. f4 d5 2. g3 c5 3. Nf3 Nf6 4. Bg2 g6 5. 0-0 Bg7 6. d3 0-0 7. Nc3 d4 8. Ne4 Qc7 9. Rb1 Nd5 10. Qe1 b6 11. a3 Nc6 12. Bd2 a5 13. c3 Bb7 14. a4 Qd7 15. h3 f5 16. Nf2 e5 17. c4 Ne3 18. Bxe3 dxe3 19. Nd1 exf4 20. gxf4 Rae8 21. Nc3 Nb4 22. Nb5 Re7 23. Qg3 Rfe8 24. Qh4 Bc6 25. Rfd1 Bxb5 26. axb5 Qd6 27. Qg3 Bf6 28. h4 Kh8 29. Qh2 Rg8 30. Kh1 Rd7 31. Bh3 Qe6 32. Rg1 Rdg7 33. Bg2 h6 34. Bh3 Nc2 35. Rg3 Kh7 36. Bg2 Nb4 37. Rg1 Kh8 38. Rb1 Qe7 39. Rh3 Qd6 40. Ng1 Re7 41. Bf3 Kg7 42. Bg2 Kf8 43. b3 Qe6 44. Rf1 Kg7 45. Nf3 h5 46. Qg3 Kh6 47. Rg1 Qd6 48. Rh2 Rgg7 49. Bh3 Qe6 50. Rhg2 Nc2 51. Kh2 Bb2 52. Qg5+ Kh7 53. Qg3 Kh6 54. Ng5 Qd6 55. Nf3 Qe6 56. Kh1 Nb4 57. Rb1 Bf6 58. Rbg1 Bb2 59. Qh2 Bc3 60. Rg3 Bb2 61. Qg2 Bc3 62. Ng5 Qd6 63. Qa8 Bd4 64. Qh8+ Rh7 65. Qf8+ Rhg7 66. Nf7+ Rexf7 67. Qxd6 Rf6 68. Qd8 Rgf7 69. Rg5 Rf8 70. Rxg6+ 1-0

[Event "POL-ch Rapid U18"]
[Site "Bydgoszcz"]
[Date "2023.08.29"]
[Round "1"]
[White "Kacprzak, Karol1111"]
[Black "Sasin, Michal"]
[Result "1-0"]
[WhiteElo "2274"]
[BlackElo "1605"]
[PlyCount "91"]
[EventDate "2023.08.28"]
[EventType "swiss"]
[EventRounds "11"]
[EventCountry "POL"]
[SourceTitle "EXT 2024"]
[Source "ChessBase"]
[SourceDate "2023.10.10"]
[SourceVersion "1"]
[SourceVersionDate "2023.10.10"]
[SourceQuality "1"]

1. e4 c5 2. Nf3 d6 3. Bb5+ Bd7 4. Bxd7+ Qxd7 5. c4 Nf6 6. Nc3 Nc6 7. d4 cxd4 8. Nxd4 g6 9. f3 Bg7 10. Be3 0-0 11. 0-0 a6 12. a4 Qc7 13. b3 Nb4 14. Rc1 Rac8 15. Qd2 e6 16. Rfd1 Rfd8 17. Qf2 Nd7 18. Bg5 Re8 19. Nde2 Nc5 20. Rb1 Ncd3 21. Qe3 Qc5 22. Qxc5 dxc5 23. a5 h6 24. Be3 Red8 25. Na4 Bf8 26. Rd2 Rc7 27. Rbd1 Rcd7 28. Nb6 Rd6 29. f4 e5 30. f5 gxf5 31. exf5 Kg7 32. Nc3 Nf4 33. Rxd6 Rxd6 34. Rxd6 Bxd6 35. Ne4 Be7 36. Nd7 f6 37. Ndxc5 Nc6 38. Nxb7 Nd3 39. Kf1 Nd4 40. Bxd4 exd4 41. Ke2 Nc1+ 42. Kd1 Nxb3 43. Kc2 Na1+ 44. Kb2 d3 45. Kxa1 Bb4 46. Kb2 1-0